كن مبادرا في حياتك / (رقم التسجيلة. 144655)

تفاصيل مارك
000 -الفاتح
عناصر البيانات ثابتة الطول 00635cam a2200193 i 4500
005 - تاريخ ووقت آخر معاملة
حقل ضبط 20251108175900.0
008 - عناصر البيانات ثابتة الطول
عناصر البيانات ثابتة الطول 250721s2022 jo gr 000 0 ara d
020 ## - الترقيم الدولي المعياري للكتب (ردمك)
الترقيم الدولي المعياري للكتب (ردمك) 9789923751350
082 14 - رقم تصنيف ديوي العشري
رقم التصنيف 155.25
رقم المادة خ ل ي
100 1# - مدخل رئيسي – اسم شخصي
الاسم الشخصي خليل، صفاء
علاقة الشخص بالعمل/ دوره مؤلف.
245 10 - بيان العنوان
العنوان كن مبادرا في حياتك /
بيان المسؤولية د. صفاء محمد خليل .
250 ## - بيان الطبعة
بيان الطبعة الطبعة الأولى.
264 31 - بيانات النشر، التوزيع…إلخ
مكان النشر، التوزيع...إلخ عمان :
اسم الناشر، الموزع...إلخ عصور للنشر والتوزيع،
تاريخ النشر، التوزيع...إلخ 2022.
300 ## - الوصف المادي
عدد الوحدات المكونة للوعاء 220 صفحة.
650 17 - مدخل إضافي بالموضوع - مصطلح موضوعي
مصطلح موضوعي أو اسم جغرافي كعنصر مدخل تطوير الذات.
650 17 - مدخل إضافي بالموضوع - مصطلح موضوعي
مصطلح موضوعي أو اسم جغرافي كعنصر مدخل التنمية البشرية.
942 ## - بيانات إضافية (كوها)
نوع التنصيف Dewey Decimal Classification
نوع المادة (كوها) كتب
المقتنيات
حالة السحب حالة الفقدان مصدر التصنيف حالة التلف غير قابل للإعارة المكتبة الرئيسية المكتبة الحالية موقع الرف تاريخ التزويد الرقم المتسلسل Total Checkouts رقم الإستدعاء الباركود تاريخ آخر ظهور تاريخ الفاتورة نوع المادة (كوها)
    Dewey Decimal Classification     المكتبة المركزية المكتبة المركزية الإعارة 28/07/2025 1779073   155.25 / خ ل ي PLD00504715 28/07/2025 28/07/2025 كتب
    Dewey Decimal Classification     مكتبة الجويدة مكتبة الجويدة الإعارة 17/07/2023 1779074   155.25/خلي PLD00504737 28/07/2025 17/07/2023 كتب
    Dewey Decimal Classification     مكتبة حمزة العامة مكتبة حمزة العامة الإعارة 17/07/2023 1779075   155.25/خلي PLD00504738 28/07/2025 17/07/2023 كتب
Implemented & Customized by: BBB with SCIT (Smart Chains for Information Technology)

Powered by Koha